[Event "15. Sparkassen Open 2016 - Gruppe B"]
[Site "Forchheim"]
[Date "2016.10.01"]
[Round "1.30"]
[White "Kolb, Tobias"]
[Black "Gerlach, Dominique"]
[Result "1/2-1/2"]
[WhiteElo "1664"]
[BlackElo "1703"]
[PlyCount "87"]
[EventDate "2016.??.??"]
[WhiteTeam "SV Seubelsdorf"]
[BlackTeam "SK Weilheim"]

1. e4 c5 2. Nc3 Nc6 3. g3 d6 4. Bg2 Nf6 5. d3 g6 6. Nge2 Bg7 7. O-O O-O 8. Bd2
Be6 9. Qc1 Qd7 10. Bh6 Bh3 11. Bxg7 Kxg7 12. Nf4 Bxg2 13. Kxg2 Nd4 14. h3 e6
15. Re1 Rae8 16. Qd2 Re7 17. Re3 Rfe8 18. Rae1 b5 19. Nce2 e5 20. Nd5 Nxd5 21.
exd5 Nf5 22. Re4 Nh6 23. a4 f5 24. Re3 b4 25. b3 f4 26. Rf3 Nf5 27. Kh2 fxg3+
28. Nxg3 Nh4 29. Rfe3 Rf7 30. Qe2 Ref8 31. Rf1 Nf3+ 32. Kg2 Nh4+ 33. Kh2 Rf3
34. Rxf3 Nxf3+ 35. Kg2 Ng5 36. Qg4 Qxg4 37. hxg4 Nf3 38. Ne4 Rf4 39. Kg3 Nd4
40. f3 Ne2+ 41. Kf2 Nd4 42. Kg2 Nxc2 43. Kg3 Ne3 44. Rf2 1/2-1/2

[Event "15. Sparkassen Open 2016 - Gruppe B"]
[Site "Forchheim"]
[Date "2016.10.01"]
[Round "1.31"]
[White "Gampper, Steffen"]
[Black "Kohler, Alfred"]
[Result "1/2-1/2"]
[WhiteElo "1700"]
[BlackElo "1608"]
[PlyCount "41"]
[EventDate "2016.??.??"]
[WhiteTeam "SC Murrhardt"]
[BlackTeam "SK Herzogenaurach"]

1. d4 d5 2. Bf4 e6 3. e3 Nf6 4. Nf3 c5 5. c3 Nc6 6. Nbd2 Bd6 7. Bg3 Qc7 8. dxc5
Bxg3 9. hxg3 a5 10. Bb5 Bd7 11. Qe2 Ne5 12. Nxe5 Qxe5 13. Nf3 Qc7 14. b4 b6 15.
c6 Bxc6 16. Nd4 Bd7 17. Bxd7+ Nxd7 18. Nb5 Qc6 19. a4 Ne5 20. O-O Nc4 21. Nd4
1/2-1/2

[Event "15. Sparkassen Open 2016 - Gruppe B"]
[Site "Forchheim"]
[Date "2016.10.01"]
[Round "1.32"]
[White "Semenova, Alisa"]
[Black "Hartewig, Anja"]
[Result "1-0"]
[WhiteElo "1646"]
[BlackElo "1790"]
[PlyCount "117"]
[EventDate "2016.??.??"]
[WhiteTeam "SC Noris-Tarrasch Nürnberg"]
[BlackTeam "Chemnitzer SC Aufbau"]

1. e4 d6 2. d4 Nf6 3. Nc3 g6 4. g3 Bg7 5. Bg2 O-O 6. h3 Nbd7 7. Be3 c6 8. f4 e5
9. f5 c5 10. d5 Qa5 11. g4 b5 12. Bd2 Nb6 13. g5 Nh5 14. f6 Bh8 15. Bf3 Nxf6
16. gxf6 Bxf6 17. h4 b4 18. Nce2 Nc4 19. b3 Nxd2 20. Qxd2 Qd8 21. h5 Bh4+ 22.
Kd1 Qg5 23. Qxg5 Bxg5 24. a3 f5 25. Ng3 a5 26. N1e2 Bd7 27. Rg1 Be3 28. Rg2 Kf7
29. hxg6+ hxg6 30. exf5 Bxf5 31. Nxf5 gxf5 32. Bh5+ Ke7 33. Rg7+ Kd8 34. c3
bxc3 35. Nxc3 Bd4 36. Kc2 e4 37. Rh7 Rc8 38. Rf1 Bxc3 39. Kxc3 Rc7 40. Rxc7
Kxc7 41. Bg6 Rg8 42. Bxf5 Rg3+ 43. Kc4 e3 44. Re1 Kb6 45. Re2 Rg5 46. Be4 Rg3
47. a4 Rh3 48. Kd3 Rg3 49. Rxe3 Rxe3+ 50. Kxe3 c4 51. bxc4 Kc5 52. Kd3 Kb4 53.
Kd4 Kxa4 54. c5 Kb4 55. cxd6 a4 56. Bb1 a3 57. d7 Kb3 58. d8=Q Kb2 59. Qb6+ 1-0

[Event "15. Sparkassen Open 2016 - Gruppe B"]
[Site "Forchheim"]
[Date "2016.10.01"]
[Round "1.33"]
[White "Nettelbeck, Jann"]
[Black "Knoll, Ernst"]
[Result "1/2-1/2"]
[WhiteElo "1739"]
[BlackElo "1607"]
[PlyCount "58"]
[EventDate "2016.??.??"]
[WhiteTeam "Turm Kandel"]
[BlackTeam "Schachtreff Röttenbach"]

1. d4 Nf6 2. c4 e6 3. Nc3 Bb4 4. Qc2 c5 5. dxc5 Bxc5 6. Nf3 Nc6 7. a3 O-O 8. b4
Nd4 9. Nxd4 Bxd4 10. e3 Be5 11. Bb2 a6 12. Be2 Rb8 13. Bf3 Qc7 14. c5 b6 15.
cxb6 Rxb6 16. Rc1 Bb7 17. Bxb7 Qxb7 18. f3 Rc8 19. O-O d5 20. Qd2 Rbc6 21. Na4
Bxb2 22. Qxb2 Rc4 23. Qd2 Nd7 24. Nb2 R4c6 25. Nd3 Qc7 26. Rxc6 Qxc6 27. Rc1
Qb7 28. Nc5 Nxc5 29. bxc5 Qb5 1/2-1/2

[Event "15. Sparkassen Open 2016 - Gruppe B"]
[Site "Forchheim"]
[Date "2016.10.01"]
[Round "1.34"]
[White "Poppe, Wolfgang"]
[Black "Hohner, Karl-Heinz"]
[Result "1/2-1/2"]
[WhiteElo "1626"]
[BlackElo "1837"]
[PlyCount "60"]
[EventDate "2016.??.??"]
[WhiteTeam "SK Bad Neustadt"]
[BlackTeam "vereinslos"]

1. e4 c5 2. Nc3 Nc6 3. g3 g6 4. Bg2 Bg7 5. d3 d6 6. Be3 e6 7. Qd2 Nge7 8. Bh6
Bf6 9. Nge2 Ng8 10. Be3 e5 11. Nd5 Bg7 12. Nec3 h6 13. O-O-O Be6 14. Rdf1 Qa5
15. f4 Bxd5 16. exd5 Nd4 17. Kb1 f5 18. Re1 O-O-O 19. Qf2 Nf6 20. h3 Rhe8 21.
Bd2 Qa6 22. Ne2 Nxe2 23. Rxe2 Qb6 24. Bc1 exf4 25. gxf4 Rxe2 26. Qxe2 Re8 27.
Qf2 Qc7 28. Re1 Qf7 29. c4 Nh5 30. Bf3 Nf6 1/2-1/2

[Event "15. Sparkassen Open 2016 - Gruppe B"]
[Site "Forchheim"]
[Date "2016.10.01"]
[Round "1.35"]
[White "Grasser, Stefan"]
[Black "Schubert, Nikita"]
[Result "1/2-1/2"]
[WhiteElo "1756"]
[BlackElo "1775"]
[PlyCount "88"]
[EventDate "2016.??.??"]
[WhiteTeam "SV Hellern"]
[BlackTeam "ESV Gera"]

1. c4 Nf6 2. Nc3 e5 3. g3 d6 4. Bg2 g6 5. Nf3 Bg7 6. O-O O-O 7. d3 Nc6 8. Rb1
a5 9. a3 Ne7 10. b4 c6 11. Ng5 d5 12. cxd5 Nfxd5 13. Nxd5 Nxd5 14. Qb3 axb4 15.
axb4 h6 16. Ne4 Be6 17. Nc5 Qe7 18. Nxe6 Qxe6 19. b5 Qd6 20. bxc6 bxc6 21. Qc4
Rfb8 22. Bd2 Bf8 23. Rxb8 Rxb8 24. Rc1 Rb2 25. Qxc6 Rxd2 26. Bxd5 Rxe2 27. Qb7
Qf6 28. Bf3 Ra2 29. Qd5 Ra7 30. Rc6 Qg7 31. Be4 Kh7 32. Qd8 Be7 33. Qb6 Rd7 34.
Qb5 Bf8 35. Rc8 Re7 36. Qb8 Kg8 37. Kg2 Re6 38. f4 exf4 39. gxf4 Re7 40. Kf3
Rd7 41. Re8 Rd4 42. Qc8 f5 43. Qe6+ Qf7 44. Ke3 Qxe6 1/2-1/2

[Event "15. Sparkassen Open 2016 - Gruppe B"]
[Site "Forchheim"]
[Date "2016.10.01"]
[Round "1.36"]
[White "Nitzsche, Pia"]
[Black "Askri, Samir"]
[Result "1/2-1/2"]
[WhiteElo "1669"]
[BlackElo "1806"]
[PlyCount "54"]
[EventDate "2016.??.??"]
[WhiteTeam "Chemnitzer SC Aufbau"]
[BlackTeam "DJK Amberg"]

1. c4 Nf6 2. Nc3 g6 3. g3 Bg7 4. Bg2 O-O 5. Nf3 d6 6. O-O e5 7. d3 Nc6 8. a3
Ne7 9. Rb1 Nd7 10. b4 f5 11. Ng5 Nf6 12. Bb2 h6 13. Nf3 f4 14. Qd2 fxg3 15.
fxg3 Nf5 16. e4 Ne7 17. Nd1 Kh7 18. Ne3 b6 19. Rf2 Bb7 20. Nh4 h5 21. Qe2 Bh6
22. Bc1 Bc8 23. Bd2 Nc6 24. Rbf1 Nd4 25. Qe1 Be6 26. Nd1 Nc2 27. Qe2 Nd4
1/2-1/2

[Event "15. Sparkassen Open 2016 - Gruppe B"]
[Site "Forchheim"]
[Date "2016.10.01"]
[Round "1.37"]
[White "Gerlach, Florian"]
[Black "Walter, Manfred"]
[Result "0-1"]
[WhiteElo "1855"]
[BlackElo "1750"]
[PlyCount "117"]
[EventDate "2016.??.??"]
[WhiteTeam "SK Weilheim"]
[BlackTeam "SV Lauf"]

1. d4 f5 2. e4 fxe4 3. Nc3 Nf6 4. Bg5 d5 5. Bxf6 exf6 6. Qh5+ g6 7. Qxd5 Nc6 8.
Bb5 Bd7 9. Qxe4+ Qe7 10. O-O-O O-O-O 11. Qxe7 Nxe7 12. Bxd7+ Rxd7 13. Nf3 Bh6+
14. Kb1 Rhd8 15. Rhe1 Nf5 16. Ne2 Nxd4 17. Nexd4 c5 18. c3 cxd4 19. Rxd4 Bg7
20. Red1 f5 21. Rxd7 Rxd7 22. Rxd7 Kxd7 23. Kc2 Kd6 24. Kd3 b5 25. Nd4 a6 26.
f4 Kd5 27. g3 Bf6 28. Nf3 h6 29. Nh4 g5 30. Nxf5 gxf4 31. gxf4 h5 32. h3 Bd8
33. Ne3+ Ke6 34. Ke4 Bb6 35. b3 Ba5 36. c4 bxc4 37. Nxc4 Bb4 38. Ne3 Bc5 39.
Nd5 a5 40. f5+ Kf7 41. Ke5 Ba3 42. f6 Bb2+ 43. Kf5 h4 44. Kg4 Ke6 45. f7 Kxf7
46. Kxh4 Ke6 47. Ne3 Bc3 48. Kg4 Ke5 49. h4 Ke4 50. Nf5 Kd3 51. a3 Bb2 52. b4
a4 53. b5 Bxa3 54. b6 Bc5 55. b7 Ba7 56. Nd4 Kxd4 57. h5 Ke5 58. Kg5 Ke6 59. h6
0-1

[Event "15. Sparkassen Open 2016 - Gruppe B"]
[Site "Forchheim"]
[Date "2016.10.01"]
[Round "1.38"]
[White "Völk, Tobias"]
[Black "Homi, Joseph"]
[Result "0-1"]
[WhiteElo "1677"]
[BlackElo "1787"]
[PlyCount "72"]
[EventDate "2016.??.??"]
[WhiteTeam "SC JÄKLECHEMIE"]
[BlackTeam "SGem Fürth"]

1. e4 c6 2. d4 d5 3. Nc3 dxe4 4. Nxe4 Nf6 5. Nxf6+ exf6 6. Nf3 Bd6 7. Bd3 Bg4
8. O-O O-O 9. h3 Bh5 10. c3 Bc7 11. Re1 Qd6 12. g3 g5 13. Bc2 Nd7 14. g4 Bg6
15. Bxg6 hxg6 16. Qc2 Kg7 17. Kg2 Rh8 18. Rh1 Rh7 19. Nd2 c5 20. dxc5 Nxc5 21.
Nf3 Rah8 22. Be3 Ne6 23. Rad1 Qc6 24. Qe2 f5 25. gxf5 gxf5 26. Rdg1 g4 27. Kf1
Rxh3 28. Nd4 Qxh1 29. Nxf5+ Kf6 30. Bd4+ Nxd4 31. Qe7+ Kg6 32. Qxc7 Qxg1+ 33.
Kxg1 Rh1+ 34. Kg2 R8h2+ 35. Kg3 Rg1+ 36. Kf4 Ne6+ 0-1

[Event "15. Sparkassen Open 2016 - Gruppe B"]
[Site "Forchheim"]
[Date "2016.10.01"]
[Round "1.39"]
[White "Schulz, Horst"]
[Black "Lehmann, Tornalf"]
[Result "1/2-1/2"]
[WhiteElo "1739"]
[BlackElo "1675"]
[PlyCount "92"]
[EventDate "2016.??.??"]
[WhiteTeam "SC Höchstadt/Aisch"]
[BlackTeam "SC Heilsbronn"]

1. d4 Nf6 2. e3 d5 3. Bd3 e6 4. f4 c5 5. c3 Nc6 6. Nf3 cxd4 7. exd4 Be7 8. O-O
h6 9. Nbd2 O-O 10. Ne5 Nd7 11. Qh5 f5 12. Qe2 Ndxe5 13. fxe5 Bg5 14. Nf3 Bxc1
15. Raxc1 Bd7 16. Rf2 Rc8 17. Rcf1 a6 18. g3 Ne7 19. Nh4 Be8 20. Ng2 Bf7 21. g4
g6 22. gxf5 gxf5 23. Nf4 Kh7 24. Nh5 Bxh5 25. Qxh5 Qe8 26. Qe2 Rg8+ 27. Kh1 Qg6
28. Rf3 Qg4 29. Qf2 Qh5 30. Be2 Qf7 31. Rh3 Rg5 32. Rg1 Rcg8 33. Rxg5 Rxg5 34.
b3 b5 35. a4 bxa4 36. bxa4 a5 37. c4 dxc4 38. Bxc4 Nd5 39. Qh4 Qg7 40. Rg3 Rxg3
41. hxg3 Qd7 42. Kh2 Ne3 43. Bb5 Qc7 44. Qh5 Qc2+ 45. Be2 Ng4+ 46. Kg1 Qxe2
1/2-1/2

[Event "15. Sparkassen Open 2016 - Gruppe B"]
[Site "Forchheim"]
[Date "2016.10.01"]
[Round "1.41"]
[White "Großner, Josef"]
[Black "Seifert, Heinz"]
[Result "1-0"]
[WhiteElo "1888"]
[BlackElo "1650"]
[PlyCount "56"]
[EventDate "2016.??.??"]
[WhiteTeam "SF Fürth"]
[BlackTeam "SV Lauf"]

1. e4 c5 2. Nf3 d6 3. d4 cxd4 4. Nxd4 Nf6 5. Nc3 g6 6. Be2 Bg7 7. Be3 O-O 8.
O-O Nc6 9. h3 d5 10. exd5 Nxd5 11. Nxd5 Qxd5 12. Bf3 Qd7 13. Nxc6 bxc6 14. c3
Qc7 15. Qe2 a5 16. Rfd1 Ba6 17. Qc2 Rad8 18. Bc5 Rxd1+ 19. Rxd1 Rb8 20. Re1 e6
21. Rd1 Bf6 22. Bf8 Kxf8 23. b3 c5 24. Qd2 Bb7 25. Bxb7 Rxb7 26. Qd3 Ke7 27.
Qc4 Qc6 28. Qh4 Ke8 1-0

[Event "15. Sparkassen Open 2016 - Gruppe B"]
[Site "Forchheim"]
[Date "2016.10.01"]
[Round "1.42"]
[White "Köhl, Marko"]
[Black "Reichel, Günther"]
[Result "0-1"]
[WhiteElo "1544"]
[BlackElo "1741"]
[PlyCount "26"]
[EventDate "2016.??.??"]
[WhiteTeam "SK Rothenburg"]
[BlackTeam "SC-SF Stockstadt"]

1. e4 c5 2. Nf3 d6 3. d4 cxd4 4. Nxd4 Nf6 5. Nc3 g6 6. Bg5 Bg7 7. Be2 O-O 8. h4
Qb6 9. Na4 Qa5+ 10. c3 Bd7 11. Bxf6 Bxf6 12. g4 Bxa4 13. b3 Qxc3+ 0-1

[Event "15. Sparkassen Open 2016 - Gruppe B"]
[Site "Forchheim"]
[Date "2016.10.01"]
[Round "1.43"]
[White "Manco, Michela"]
[Black "Werner, Denis"]
[Result "0-1"]
[WhiteElo "1665"]
[BlackElo "1595"]
[PlyCount "54"]
[EventDate "2016.??.??"]
[WhiteTeam "TV Tegernsee"]
[BlackTeam "SC Garching"]

1. e4 c5 2. c3 d5 3. exd5 Qxd5 4. d4 Nf6 5. Nf3 e6 6. Na3 Qd8 7. Nc2 Nbd7 8.
Be2 Be7 9. O-O O-O 10. Ne3 a6 11. Re1 b5 12. a4 b4 13. cxb4 cxb4 14. Bd3 Bb7
15. b3 Nb6 16. Bb2 Nbd5 17. Nxd5 Nxd5 18. Rc1 Rc8 19. Rxc8 Qxc8 20. Bc4 Qc7 21.
Qd3 Qc6 22. Ne5 Qd6 23. Qh3 Nf4 24. Qg4 Nxg2 25. Rd1 Nh4 26. Be2 Qd5 27. f3
Qxb3 0-1

[Event "15. Sparkassen Open 2016 - Gruppe B"]
[Site "Forchheim"]
[Date "2016.10.01"]
[Round "1.44"]
[White "Ganser, Ganokorn"]
[Black "Kocak, Ediz"]
[Result "1/2-1/2"]
[WhiteElo "1714"]
[BlackElo "1819"]
[PlyCount "28"]
[EventDate "2016.??.??"]
[WhiteTeam "SC Böblingen"]
[BlackTeam "SW Nürnberg Süd"]

1. Nf3 b6 2. g3 Bb7 3. Bg2 Nf6 4. d4 e6 5. O-O Be7 6. c4 d6 7. d5 e5 8. Nc3
Nbd7 9. Nh4 O-O 10. Nf5 g6 11. Nxe7+ Qxe7 12. Bg5 Kg7 13. Qd2 Rfc8 14. Bh3 Qe8
1/2-1/2

[Event "15. Sparkassen Open 2016 - Gruppe B"]
[Site "Forchheim"]
[Date "2016.10.01"]
[Round "1.45"]
[White "Bandau, Frank"]
[Black "Bauschke, Norman"]
[Result "1-0"]
[WhiteElo "1643"]
[BlackElo "1601"]
[PlyCount "125"]
[EventDate "2016.??.??"]
[WhiteTeam "SK Goslar"]
[BlackTeam "SC Höchstadt/Aisch"]

1. e4 e6 2. d4 d5 3. Nd2 c6 4. c3 Be7 5. Ngf3 Nf6 6. e5 Nfd7 7. Bd3 c5 8. O-O
c4 9. Bc2 b5 10. a3 a5 11. Ne1 O-O 12. f4 b4 13. axb4 Bb7 14. bxa5 Rxa5 15.
Rxa5 Qxa5 16. Qh5 g6 17. Qh6 f5 18. Nef3 Qd8 19. Kh1 Nc6 20. Rg1 Rf7 21. g4 Bf8
22. Qh3 Rg7 23. Ng5 Qe8 24. Ndf3 Nd8 25. Be3 Nf7 26. Ra1 Kh8 27. Ra7 Qb8 28.
Ra1 Qe8 29. Rc1 h6 30. Nxf7+ Qxf7 31. Ng5 Qe8 32. Qxh6+ Kg8 33. gxf5 exf5 34.
Bd2 Be7 35. Rg1 Bxg5 36. Rxg5 Qf7 37. e6 Qxe6 38. Bxf5 Qf7 39. Rxg6 Rxg6 40.
Qxg6+ Qxg6 41. Bxg6 Kg7 42. Bc2 Nf6 43. Kg2 Bc8 44. Kf3 Bg4+ 45. Kg3 Bd7 46.
Kh4 Ng4 47. h3 Nf2 48. f5 Kf6 49. Bg5+ Kg7 50. Kg3 Ne4+ 51. Bxe4 dxe4 52. Kg4
Kf7 53. h4 Kg7 54. h5 Kh7 55. Bf4 Kg7 56. Kg5 Kh7 57. d5 Be8 58. d6 Kg7 59. Be3
Bd7 60. Bd4+ Kh7 61. f6 Be6 62. d7 Bxd7 63. f7 1-0

[Event "15. Sparkassen Open 2016 - Gruppe B"]
[Site "Forchheim"]
[Date "2016.10.01"]
[Round "1.47"]
[White "Albayrak, Aylin"]
[Black "Knauer, Finn"]
[Result "1-0"]
[WhiteElo "1726"]
[BlackElo "1498"]
[PlyCount "49"]
[EventDate "2016.??.??"]
[WhiteTeam "Zabo-Eintracht Nürnberg"]
[BlackTeam "SK Weidhausen"]

1. d4 d5 2. c4 e6 3. Nc3 Nf6 4. Bg5 Be7 5. Nf3 O-O 6. e3 Nbd7 7. Be2 c5 8. dxc5
Nxc5 9. cxd5 Nxd5 10. Bxe7 Nxe7 11. Qc2 Ng6 12. Rd1 Qe7 13. b4 Nd7 14. Rd4 b6
15. O-O Bb7 16. Qa4 Nf6 17. Rdd1 Qc7 18. Nb5 Qc6 19. Qb3 Ne5 20. Nd6 Nxf3+ 21.
Bxf3 Qb5 22. Bxb7 Rab8 23. Bc6 Qg5 24. b5 Qc5 25. Rd4 1-0

[Event "15. Sparkassen Open 2016 - Gruppe B"]
[Site "Forchheim"]
[Date "2016.10.01"]
[Round "1.48"]
[White "Dreiseitel, Werner"]
[Black "Weißmann, Peter"]
[Result "1/2-1/2"]
[WhiteElo "1599"]
[BlackElo "1778"]
[PlyCount "72"]
[EventDate "2016.??.??"]
[WhiteTeam "SGem Fürth"]
[BlackTeam "SK Zirndorf"]

1. d4 Nf6 2. Bf4 e6 3. e3 d5 4. Nf3 Bd6 5. Bg3 O-O 6. Bd3 c5 7. c3 c4 8. Bc2 b5
9. Nbd2 a5 10. a3 Nc6 11. e4 dxe4 12. Nxe4 Nxe4 13. Bxe4 Bb7 14. Qe2 Qc7 15.
Bxd6 Qxd6 16. O-O Qf4 17. Rfe1 Nd8 18. Rad1 Bd5 19. Bxd5 exd5 20. Qe5 Ne6 21.
Qxd5 Rab8 22. Re5 g6 23. Rde1 Qf6 24. Qc6 Rfc8 25. Qa6 Qg7 26. Qxa5 Nf4 27.
Rxb5 Nd3 28. Re2 Qf6 29. Qa4 Ra8 30. Qc2 h5 31. Qd2 h4 32. Qg5 Qc6 33. Nxh4 Re8
34. Rbe5 Nxe5 35. Rxe5 Rxe5 36. Qxe5 Qd5 1/2-1/2

[Event "15. Sparkassen Open 2016 - Gruppe B"]
[Site "Forchheim"]
[Date "2016.10.01"]
[Round "1.49"]
[White "Gajewski, Richard"]
[Black "Doll, Alexander"]
[Result "0-1"]
[WhiteElo "1735"]
[BlackElo "1484"]
[PlyCount "113"]
[EventDate "2016.??.??"]
[WhiteTeam "Wolframs-Eschenbach"]
[BlackTeam "SC Untergrombach"]

1. e4 e5 2. d4 exd4 3. Bc4 Nc6 4. Nf3 Bb4+ 5. c3 dxc3 6. bxc3 Bc5 7. O-O d6 8.
Ng5 Nh6 9. h3 O-O 10. Kh1 Na5 11. Bd3 f6 12. Nf3 Nf7 13. Nbd2 Bd7 14. Nb3 Nxb3
15. axb3 Re8 16. Ra5 Bc6 17. Qc2 Ne5 18. b4 Nxd3 19. Qxd3 Bb6 20. Rh5 Bxe4 21.
Qd1 Bg6 22. Rd5 Bf7 23. Rd2 Qd7 24. Nh2 Re7 25. Qf3 Qc6 26. Qg3 Rae8 27. Rdd1
Bb3 28. Ng4 Kf7 29. Be3 Bxd1 30. Rxd1 Bxe3 31. fxe3 Qxc3 32. Rf1 Qxb4 33. Qh4
Qb2 34. Qxh7 Ke6 35. Qf5+ Kf7 36. Qh7 Re6 37. Nh6+ Ke7 38. Qxg7+ Kd8 39. Ng8 a5
40. Nxf6 Rxf6 41. Rxf6 Qa1+ 42. Kh2 Qe5+ 43. Kh1 a4 44. Qh6 Qxe3 45. Qh4 Qe1+
46. Qxe1 Rxe1+ 47. Kh2 a3 48. Rf2 b5 49. Ra2 b4 50. h4 b3 51. Rxa3 b2 52. Rb3
b1=Q 53. Rxb1 Rxb1 54. h5 Ke7 55. g4 Rb3 56. g5 Kf7 57. Kg2 0-1

[Event "15. Sparkassen Open 2016 - Gruppe B"]
[Site "Forchheim"]
[Date "2016.10.01"]
[Round "1.50"]
[White "Erdösi, Niko"]
[Black "von Kortzfleisch, Ruben"]
[Result "1-0"]
[WhiteElo "1492"]
[BlackElo "1618"]
[PlyCount "95"]
[EventDate "2016.??.??"]
[WhiteTeam "TV Tegernsee"]
[BlackTeam "SF Bad Mergentheim"]

1. e4 c6 2. d4 d5 3. e5 c5 4. c3 Bf5 5. Nf3 e6 6. Be2 Nc6 7. a3 a5 8. h3 Nge7
9. O-O Nc8 10. Re1 Be7 11. Be3 c4 12. a4 O-O 13. Nbd2 Rb8 14. Nh2 N8a7 15. b3
cxb3 16. Qxb3 b5 17. axb5 Nxb5 18. Qa4 Nxc3 19. Qxc6 Bb4 20. Nc4 Nxe2+ 21. Rxe2
Bd3 22. Rb2 Bxc4 23. Qa4 Bc3 24. Rxb8 Qxb8 25. Rc1 Qb4 26. Qc2 Bxd4 27. Bxd4 a4
28. Qc3 Rb8 29. Qxb4 Rxb4 30. Bc5 Rb2 31. Ra1 f6 32. Nf3 Bb3 33. Bd4 Rc2 34.
exf6 gxf6 35. Bxf6 Kf7 36. Be5 Kg6 37. Nd4 Ra2 38. Nxb3 axb3 39. Rxa2 bxa2 40.
g4 Kg5 41. Kg2 Kg6 42. h4 h5 43. Kg3 hxg4 44. Kxg4 Kh6 45. h5 Kh7 46. Kg5 Kg8
47. Kg6 Kf8 48. h6 1-0

[Event "15. Sparkassen Open 2016 - Gruppe B"]
[Site "Forchheim"]
[Date "2016.10.01"]
[Round "2.1"]
[White "Huber, Lukas"]
[Black "Siegl, Melina"]
[Result "0-1"]
[WhiteElo "1924"]
[BlackElo "1950"]
[PlyCount "92"]
[EventDate "2016.??.??"]
[WhiteTeam "SC Tannhausen"]
[BlackTeam "SW Nürnberg Süd"]

1. e4 c5 2. d4 cxd4 3. c3 g6 4. Nf3 Bg7 5. Bc4 Nf6 6. e5 Ne4 7. Qxd4 Nd6 8. Bb3
O-O 9. Qf4 Ne8 10. Ng5 e6 11. Be3 Nc6 12. Bc5 Nxe5 13. O-O d6 14. Rd1 b6 15.
Ba3 Qc7 16. Ne4 d5 17. Bxf8 dxe4 18. Bxg7 Nf3+ 19. Qxf3 exf3 20. Bh6 fxg2 21.
Na3 Ba6 22. Rd4 Rd8 23. Bf4 Qe7 24. Rxd8 Qxd8 25. Rd1 Qf6 26. Be3 Qf3 27. Rd2
Nf6 28. Bh6 Qa8 29. Nc2 Ng4 30. Bg5 Kg7 31. Ne3 Ne5 32. Bd1 Nf3+ 33. Bxf3 Qxf3
34. c4 h6 35. Be7 Qe4 36. b3 Bb7 37. Rd1 g5 38. Bb4 f5 39. Re1 Qf3 40. Bc3+ Kf7
41. Be5 h5 42. Nc2 Qd3 43. Ne3 Qe4 44. Bb8 f4 45. f3 Qxf3 46. Nc2 Qd3 0-1

[Event "15. Sparkassen Open 2016 - Gruppe B"]
[Site "Forchheim"]
[Date "2016.10.01"]
[Round "2.2"]
[White "Pohl, Steffen"]
[Black "Pikal, Alexander"]
[Result "1-0"]
[WhiteElo "1884"]
[BlackElo "1962"]
[PlyCount "37"]
[EventDate "2016.??.??"]
[WhiteTeam "SK Schwanstetten"]
[BlackTeam "SC Ansbach"]

1. Nc3 d6 2. d4 g6 3. Nf3 Bg7 4. Bg5 c6 5. e3 Qa5 6. Bd3 Bg4 7. b4 e5 8. dxe5
dxe5 9. Qd2 Bxf3 10. gxf3 h6 11. Bxg6 fxg6 12. Qd6 hxg5 13. Qxg6+ Kf8 14. Qf5+
Ke7 15. O-O-O Qc7 16. Ne4 Nd7 17. Nxg5 Ngf6 18. Qg6 Nd5 19. Qf7+ 1-0

[Event "15. Sparkassen Open 2016 - Gruppe B"]
[Site "Forchheim"]
[Date "2016.10.01"]
[Round "2.3"]
[White "Gebhardt, Christian"]
[Black "Hafensteiner, Tim"]
[Result "1/2-1/2"]
[WhiteElo "1913"]
[BlackElo "1822"]
[PlyCount "54"]
[EventDate "2016.??.??"]
[WhiteTeam "SV Seubelsdorf"]
[BlackTeam "Biebertaler SF"]

1. Nf3 Nf6 2. g3 c5 3. Bg2 d5 4. O-O Nc6 5. d4 Bg4 6. c3 cxd4 7. cxd4 e6 8. Nc3
a6 9. Bf4 Bd6 10. Bxd6 Qxd6 11. e3 O-O 12. Ne2 Rfc8 13. h3 Bf5 14. a3 Na5 15.
Ne5 Bc2 16. Qe1 Nb3 17. Ra2 Ne4 18. Bxe4 dxe4 19. Nc3 f6 20. Qe2 fxe5 21. Qxc2
exd4 22. exd4 Nxd4 23. Qxe4 b5 24. Raa1 Rf8 25. Rad1 Rad8 26. Kg2 e5 27. Rfe1
Qf6 1/2-1/2

[Event "15. Sparkassen Open 2016 - Gruppe B"]
[Site "Forchheim"]
[Date "2016.10.01"]
[Round "2.4"]
[White "Üstün, Engin"]
[Black "Meulner, Fabian"]
[Result "0-1"]
[WhiteElo "1795"]
[BlackElo "1870"]
[PlyCount "138"]
[EventDate "2016.??.??"]
[BlackTeam "SW Nürnberg Süd"]

1. e4 c5 2. Nf3 e6 3. d4 cxd4 4. Nxd4 Nc6 5. Nc3 Qc7 6. Be3 Nf6 7. Be2 a6 8.
O-O Bb4 9. Nxc6 bxc6 10. Bd2 Be7 11. Bd3 d6 12. Qe2 Nd7 13. Kh1 Nc5 14. f4 O-O
15. Rad1 a5 16. Be3 Nxd3 17. cxd3 f5 18. Qh5 Bd7 19. Qf3 Rab8 20. Qf2 Qb7 21.
Ba7 Ra8 22. Be3 c5 23. e5 Bc6 24. exd6 Bxd6 25. Rg1 Rac8 26. d4 c4 27. h3 Rf6
28. Kh2 g5 29. g3 g4 30. h4 Rb8 31. Rd2 Bb4 32. Rc1 a4 33. a3 Ba5 34. Rdc2 Qb3
35. Bd2 Bb6 36. Nd1 Bd5 37. Rc3 Qb5 38. Qe3 Rf7 39. R3c2 Qa6 40. Bb4 Qa7 41.
Bc5 Bxc5 42. dxc5 Rb3 43. Nc3 Rc7 44. Qd4 Qxc5 45. Qxc5 Rxc5 46. Nxa4 Rcb5 47.
Nc3 Rb7 48. Nd1 Kf7 49. Rc3 Bf3 50. Ne3 Rxb2+ 51. Kg1 R7b3 52. Nxc4 Rg2+ 53.
Kf1 Rxc3 54. Rxc3 Rxg3 55. Ne5+ Ke8 56. Rc8+ Ke7 57. Rc7+ Kd6 58. Rxh7 Kd5 59.
a4 Ke4 60. Ng6 Bg2+ 61. Kf2 Ra3 62. Kxg2 Ra2+ 63. Kf1 Kf3 64. Ke1 g3 65. Rc7
Re2+ 66. Kd1 g2 67. Rc3+ Kf2 68. Rg3 Kxg3 69. Kxe2 g1=Q 0-1

[Event "15. Sparkassen Open 2016 - Gruppe B"]
[Site "Forchheim"]
[Date "2016.10.01"]
[Round "2.5"]
[White "Faust, Bernhard"]
[Black "Walter, Stefan"]
[Result "1/2-1/2"]
[WhiteElo "1775"]
[BlackElo "1934"]
[PlyCount "35"]
[EventDate "2016.??.??"]
[WhiteTeam "SK Rothenburg"]
[BlackTeam "SGem Fürth"]

1. d4 Nf6 2. c4 e6 3. Nc3 Bb4 4. Bd2 d5 5. e3 O-O 6. Nf3 b6 7. cxd5 exd5 8. Bd3
Re8 9. a3 Bd6 10. Qc2 c6 11. h3 h6 12. O-O-O Ba6 13. Bf5 Nbd7 14. e4 dxe4 15.
Nxe4 Nxe4 16. Bxe4 Rc8 17. Rhe1 Nf6 18. Bf5 1/2-1/2

[Event "15. Sparkassen Open 2016 - Gruppe B"]
[Site "Forchheim"]
[Date "2016.10.01"]
[Round "2.6"]
[White "Zirlik, Rudi"]
[Black "Mönius, Alexander"]
[Result "0-1"]
[WhiteElo "1873"]
[BlackElo "1893"]
[PlyCount "52"]
[EventDate "2016.??.??"]
[WhiteTeam "SV Unterkochen"]
[BlackTeam "SC Höchstadt/Aisch"]

1. d4 Nf6 2. g3 g6 3. Bg2 Bg7 4. c4 d6 5. Nc3 O-O 6. e4 e5 7. d5 a5 8. Nge2 Na6
9. O-O Nc5 10. Be3 b6 11. a3 Ng4 12. Bxc5 bxc5 13. Nb5 f5 14. Nec3 f4 15. Bf3
h5 16. Kg2 Rf7 17. h3 Nh6 18. Rh1 Qg5 19. Qe2 Ng4 20. Qd2 Ne3+ 21. Kg1 Nxc4 22.
Qe2 fxg3 23. h4 gxf2+ 24. Kxf2 Qd2 25. b3 Rxf3+ 26. Kg1 Ne3 0-1

[Event "15. Sparkassen Open 2016 - Gruppe B"]
[Site "Forchheim"]
[Date "2016.10.01"]
[Round "2.7"]
[White "Wiesner, Frank"]
[Black "Hofmann, Marko"]
[Result "1/2-1/2"]
[WhiteElo "1874"]
[BlackElo "1796"]
[PlyCount "59"]
[EventDate "2016.??.??"]
[WhiteTeam "SK Wernau"]
[BlackTeam "SV Seubelsdorf"]

1. c4 Nf6 2. Nf3 g6 3. g3 Bg7 4. Bg2 O-O 5. O-O d5 6. Nc3 e5 7. d3 Nbd7 8. Qc2
a5 9. Bg5 h6 10. Bd2 Nc5 11. Rad1 Bg4 12. h3 Bd7 13. Be3 Ne6 14. d4 exd4 15.
Nxd4 Qc8 16. Kh2 Ng5 17. Bxg5 hxg5 18. e4 g4 19. h4 a4 20. Nde2 Ra5 21. Nf4 g5
22. Nfxd5 Nxd5 23. Nxd5 Rxd5 24. Rxd5 gxh4 25. gxh4 Be5+ 26. Kg1 Qd8 27. Qd2
Be6 28. Qh6 c6 29. Rxe5 Qd4 30. Kh1 1/2-1/2

[Event "15. Sparkassen Open 2016 - Gruppe B"]
[Site "Forchheim"]
[Date "2016.10.01"]
[Round "2.8"]
[White "Wulf, Jürgen"]
[Black "Koelbl, Wolfgang"]
[Result "1/2-1/2"]
[WhiteElo "1932"]
[BlackElo "1815"]
[PlyCount "77"]
[EventDate "2016.??.??"]
[WhiteTeam "SK Markdorf"]
[BlackTeam "SK Klosterlechfeld"]

1. e4 d6 2. g3 e5 3. Bg2 Nf6 4. c3 Be7 5. d4 c6 6. Ne2 O-O 7. O-O Qc7 8. Kh1 b6
9. c4 Nbd7 10. Nbc3 Bb7 11. b3 Rfe8 12. f4 Bf8 13. d5 cxd5 14. exd5 exf4 15.
Bxf4 Ng4 16. Qc2 Ne3 17. Bxe3 Rxe3 18. Be4 g6 19. Rae1 Re8 20. Bf3 Bg7 21. Qd2
Nc5 22. Nd1 R3e5 23. Nf4 Qe7 24. Rxe5 dxe5 25. Ne2 e4 26. Bg2 e3 27. Qc2 Bc8
28. b4 Nb7 29. Rf3 Qxb4 30. h3 Bf5 31. Rxf5 gxf5 32. Qd3 Nc5 33. Qc2 Ne4 34.
Bxe4 Rxe4 35. Kg2 Rxc4 36. Qd3 Re4 37. Nxe3 Qd6 38. Nxf5 Rxe2+ 39. Qxe2 1/2-1/2